[Event "Landesliga Nord 1718"]
[Site "Bayern"]
[Date "2017.12.10"]
[Round "4.3"]
[White "Maurer, Christian"]
[Black "Oberhofer, Cedric"]
[Result "1/2-1/2"]
[WhiteElo "2111"]
[BlackElo "2172"]
[PlyCount "162"]
[EventDate "2017.10.22"]
[EventType "team-tourn"]
[EventRounds "9"]
[EventCountry "GER"]
[SourceTitle "EXT 2022"]
[Source "ChessBase"]
[SourceDate "2021.10.06"]
[SourceVersion "1"]
[SourceVersionDate "2021.10.06"]
[SourceQuality "1"]
[WhiteTeam "Kelheim SK"]
[BlackTeam "Regensburg Bavaria"]
[WhiteTeamCountry "GER"]
[BlackTeamCountry "GER"]

1. d4 Nf6 2. Nf3 g6 3. Bf4 Bg7 4. e3 0-0 5. h3 c5 6. c3 d6 7. Be2 b6 8. 0-0 Bb7 9. Nbd2 Nbd7 10. Bh2 Re8 11. Qb3 Bd5 12. Bc4 Bxc4 13. Nxc4 Ne4 14. Rfe1 Qc7 15. a4 a6 16. Ncd2 Nxd2 17. Nxd2 Rab8 18. Nf3 b5 19. axb5 axb5 20. Rec1 Qb7 21. Ra5 b4 22. c4 Ra8 23. Rca1 Nb6 24. dxc5 dxc5 25. Be5 f6 26. Bg3 e5 27. Nd2 f5 28. f3 Qd7 29. Rxa8 Rxa8 30. Rxa8+ Nxa8 31. Qc2 Nc7 32. Kh2 Ne6 33. Bf2 Bh6 34. Nb3 Qc7 35. Kh1 f4 36. e4 Bg7 37. Qd3 Nd4 38. Bxd4 exd4 39. Qd1 Qa7 40. Qc2 Qa4 41. Kh2 Be5 42. Qd3 Qa7 43. Qd1 g5 44. Kg1 Kg7 45. Qb1 Qa6 46. Qd3 Qa2 47. Qc2 Qa7 48. Qb1 h5 49. Nc1 Kf6 50. Nd3 Ke6 51. Kf2 Kd6 52. Ke2 Qa8 53. Nf2 b3 54. Qd1 Qa2 55. Nd3 Bf6 56. Kf1 Qa4 57. Qc1 Kc6 58. h4 gxh4 59. Kg1 Bg5 60. Ne5+ Kb7 61. Nd3 Kb6 62. Kh2 Bd8 63. Kh1 Bg5 64. Kh2 Qa6 65. Ne5 Qb7 66. Qa1 Qg7 67. Nd3 Be7 68. Qa4 Qg3+ 69. Kh1 h3 70. Qxb3+ Kc7 71. Qc2 h4 72. b3 Kb6 73. Qf2 hxg2+ 74. Qxg2 h3 75. Qf1 Bd8 76. Qe2 Be7 77. Qf1 Kc7 78. Qe2 Kd8 79. Qf1 Kc7 80. Qe2 Kd8 81. Qf1 Kc7 1/2-1/2

[Event "Oberliga Bayern 1516"]
[Site "Bayern"]
[Date "2016.01.17"]
[Round "5.2"]
[White "Wenninger, Philipp"]
[Black "Maurer, Christian"]
[Result "1-0"]
[WhiteElo "2332"]
[BlackElo "2177"]
[PlyCount "81"]
[EventDate "2015.10.11"]
[EventType "team-tourn"]
[EventRounds "9"]
[EventCountry "GER"]
[SourceTitle "EXT 2018"]
[Source "ChessBase"]
[SourceDate "2017.10.13"]
[SourceVersion "1"]
[SourceVersionDate "2017.10.13"]
[SourceQuality "1"]
[WhiteTeam "Erlangen SC"]
[BlackTeam "Kelheim"]
[WhiteTeamCountry "GER"]
[BlackTeamCountry "GER"]

1. d4 d5 2. c4 c6 3. Nf3 Nf6 4. Nc3 e6 5. Bg5 Be7 6. e3 Nbd7 7. Bd3 0-0 8. 0-0 dxc4 9. Bxc4 Nd5 10. Bxe7 Qxe7 11. Ne4 N5b6 12. Bb3 e5 13. Rc1 exd4 14. Qxd4 Nf6 15. Nxf6+ Qxf6 16. Qxf6 gxf6 17. Rfd1 Be6 18. Nd4 Bd5 19. Bxd5 Nxd5 20. Nf5 Rfe8 21. Rd4 Re5 22. Nd6 Re7 23. Rcd1 b6 24. Nf5 Re5 25. e4 Nf4 26. Rd8+ Re8 27. Rxa8 Rxa8 28. Rd7 Kf8 29. Nd6 Ne2+ 30. Kf1 Nc1 31. Rxf7+ Kg8 32. Rxf6 Rd8 33. e5 c5 34. g3 Rd7 35. f4 Nxa2 36. Nf5 Nb4 37. e6 Rd8 38. e7 Re8 39. Re6 Kf7 40. Re5 Nd3 41. Nd6+ 1-0

[Event "Landesliga Nord 1415"]
[Site "Bayern"]
[Date "2015.02.22"]
[Round "7.3"]
[White "Maurer, Christian"]
[Black "Kordts, Wolfgang"]
[Result "1/2-1/2"]
[WhiteElo "2177"]
[BlackElo "2159"]
[PlyCount "84"]
[EventDate "2014.10.19"]
[EventType "team-tourn"]
[EventRounds "9"]
[EventCountry "GER"]
[SourceTitle "EXT 2018"]
[Source "ChessBase"]
[SourceDate "2017.10.13"]
[SourceVersion "1"]
[SourceVersionDate "2017.10.13"]
[SourceQuality "1"]
[WhiteTeam "Kelheim"]
[BlackTeam "Nuernberg Sued SW"]
[WhiteTeamCountry "GER"]
[BlackTeamCountry "GER"]

1. d4 Nf6 2. c4 e6 3. Nc3 Bb4 4. Qc2 d5 5. e3 0-0 6. Nf3 Nbd7 7. Bd2 Re8 8. a3 Bf8 9. cxd5 exd5 10. Bd3 c6 11. 0-0 Bd6 12. Rfe1 Nf8 13. h3 Bd7 14. b4 Rc8 15. Rac1 a6 16. Na4 Ne4 17. Nc5 Bxc5 18. dxc5 Ng6 19. Bc3 Nh4 20. Nxh4 Qxh4 21. Bxe4 Rxe4 22. f3 Re6 23. Qf5 d4 24. Qd3 Rg6 25. Qxd4 Qg3 26. Rc2 Bxh3 27. Rd1 h5 28. Qf4 Qxf4 29. exf4 Re8 30. Kf1 Re3 31. gxh3 Rxf3+ 32. Ke2 Rxh3 33. Bd4 Rxa3 34. Bf2 Re6+ 35. Kf1 Re4 36. Rd4 Rxd4 37. Bxd4 Rf3+ 38. Rf2 Rb3 39. Rb2 Rf3+ 40. Rf2 Rb3 41. Rb2 Rf3+ 42. Rf2 Rb3 1/2-1/2

[Event "Landesliga Nord 1112"]
[Site "Bayern"]
[Date "2012.03.18"]
[Round "8.3"]
[White "Maurer, Christian"]
[Black "Seibold, Hubert"]
[Result "0-1"]
[WhiteElo "2053"]
[BlackElo "2101"]
[PlyCount "64"]
[EventDate "2011.10.02"]
[EventType "team-tourn"]
[EventRounds "9"]
[EventCountry "GER"]
[SourceTitle "EXT 2015"]
[Source "ChessBase"]
[SourceDate "2014.11.20"]
[SourceVersion "1"]
[SourceVersionDate "2014.11.20"]
[SourceQuality "1"]
[WhiteTeam "Kelheim"]
[BlackTeam "Zirndorf"]
[WhiteTeamCountry "GER"]
[BlackTeamCountry "GER"]

1. d4 Nf6 2. Nf3 g6 3. c4 Bg7 4. Nc3 0-0 5. e4 d6 6. Be2 e5 7. 0-0 exd4 8. Nxd4 Nc6 9. Be3 Re8 10. f3 Nh5 11. f4 Nf6 12. Bf3 Bg4 13. Nxc6 Bxf3 14. Qxf3 bxc6 15. Kh1 Nxe4 16. Nxe4 Qe7 17. Nxd6 cxd6 18. Bg1 Qe4 19. Rad1 Qxf3 20. Rxf3 Bxb2 21. Rxd6 Re1 22. h3 Rc1 23. c5 Re8 24. Kh2 Ree1 25. Bf2 Re2 26. Rxc6 Rcc2 27. Kg3 g5 28. Ra6 gxf4+ 29. Kxf4 Rc4+ 30. Kg5 Re5+ 31. Rf5 h6+ 32. Kf6 Re6# 0-1

[Event "Landesliga Nord 1112"]
[Site "Bayern"]
[Date "2012.01.15"]
[Round "5.4"]
[White "Maurer, Christian"]
[Black "Pesch, Werner"]
[Result "1/2-1/2"]
[WhiteElo "2053"]
[BlackElo "2164"]
[PlyCount "146"]
[EventDate "2011.10.02"]
[EventType "team-tourn"]
[EventRounds "9"]
[EventCountry "GER"]
[SourceTitle "EXT 2013"]
[Source "ChessBase"]
[SourceDate "2012.11.22"]
[SourceVersion "1"]
[SourceVersionDate "2012.11.22"]
[SourceQuality "1"]
[WhiteTeam "Kelheim"]
[BlackTeam "Bindlach II"]
[WhiteTeamCountry "GER"]
[BlackTeamCountry "GER"]

1. d4 Nf6 2. Nf3 g6 3. c4 Bg7 4. Nc3 d6 5. e4 0-0 6. Be2 Bg4 7. 0-0 Nfd7 8. Be3 Bxf3 9. Bxf3 e5 10. Be2 Nc6 11. d5 Nd4 12. Nb5 c5 13. dxc6 bxc6 14. Nxd4 exd4 15. Bxd4 Ne5 16. Qd2 c5 17. Bc3 Nc6 18. Bxg7 Kxg7 19. Rfd1 Nd4 20. b4 Qe7 21. Bd3 Rab8 22. Rab1 Kg8 23. Kh1 Rb6 24. b5 Rfb8 25. a4 R6b7 26. Rb2 Kg7 27. Re1 h5 28. f4 Re8 29. Rbb1 Qd8 30. a5 Qf6 31. Rf1 Kg8 32. Rbe1 Rbe7 33. Rb1 Rb8 34. Rb2 Reb7 35. Qf2 Re8 36. Rbb1 Qd8 37. Qd2 Qf6 38. a6 Rbb8 39. Rbe1 Rbd8 40. Qa5 Nb3 41. Qa2 Nd4 42. Rb1 Rb8 43. b6 axb6 44. e5 dxe5 45. a7 Ra8 46. Be4 Qe7 47. Bxa8 Rxa8 48. fxe5 Rxa7 49. Qd2 Qxe5 50. Rxb6 Kg7 51. Qf2 Ne6 52. Rb3 Qd4 53. Qe2 Nf4 54. Qc2 Re7 55. Rbf3 Ne6 56. Qe2 Rb7 57. Qa2 Qe5 58. Qa8 Re7 59. Qd5 Qd4 60. Rd3 Qb2 61. Rd2 Qc3 62. Rdf2 Qd4 63. Re2 Rd7 64. Qc6 Qxc4 65. Qxd7 Qxe2 66. Rxf7+ Kh6 67. Rh7+ Kg5 68. h4+ Kxh4 69. Qf7 Qe1+ 70. Kh2 Qg3+ 71. Kg1 Qe1+ 72. Qf1 Qxf1+ 73. Kxf1 Kg5 1/2-1/2

[Event "Nuremberg LGA Cup 8th"]
[Site "Nuremberg"]
[Date "2011.09.10"]
[Round "4"]
[White "Hess, Christian"]
[Black "Maurer, Christian"]
[Result "1/2-1/2"]
[WhiteElo "2179"]
[BlackElo "2039"]
[PlyCount "32"]
[EventDate "2011.09.08"]
[EventType "swiss"]
[EventRounds "7"]
[EventCountry "GER"]
[SourceTitle "CBM 144 Extra"]
[Source "ChessBase"]
[SourceDate "2011.10.28"]
[SourceVersion "1"]
[SourceVersionDate "2011.10.28"]
[SourceQuality "1"]

1. Nf3 Nf6 2. c4 c6 3. Nc3 d5 4. cxd5 cxd5 5. d4 Nc6 6. Bf4 e6 7. e3 Bd6 8. Bd3 Bxf4 9. exf4 0-0 10. 0-0 a6 11. Rc1 Qd6 12. Qd2 Bd7 13. Rfe1 b5 14. Bb1 Rfc8 15. Ne5 Rc7 16. Qe3 Qb4 1/2-1/2

[Event "Nuremberg LGA Cup 8th"]
[Site "Nuremberg"]
[Date "2011.09.08"]
[Round "1"]
[White "Maurer, Christian"]
[Black "Breutigam, Martin"]
[Result "0-1"]
[WhiteElo "2039"]
[BlackElo "2338"]
[PlyCount "102"]
[EventDate "2011.09.08"]
[EventType "swiss"]
[EventRounds "7"]
[EventCountry "GER"]
[SourceTitle "CBM 144 Extra"]
[Source "ChessBase"]
[SourceDate "2011.10.28"]
[SourceVersion "1"]
[SourceVersionDate "2011.10.28"]
[SourceQuality "1"]

1. d4 d5 2. Nf3 c5 3. e3 Nf6 4. Be2 Nc6 5. 0-0 e6 6. c4 a6 7. a3 Bd6 8. dxc5 Bxc5 9. b4 Ba7 10. Bb2 0-0 11. Nbd2 Qe7 12. Qb3 Rd8 13. Rfd1 h6 14. Rac1 Bd7 15. Ne5 Be8 16. Ndf3 dxc4 17. Bxc4 Rac8 18. Bf1 Nd5 19. Bc4 Nb6 20. Rxd8 Rxd8 21. Bf1 f6 22. Nc4 Nd5 23. Na5 Nxa5 24. bxa5 Kh8 25. e4 Nf4 26. g3 Ng6 27. e5 f5 28. Rd1 Rxd1 29. Qxd1 Bc6 30. Qb3 Bd5 31. Qc3 Qc5 32. Qxc5 Bxc5 33. Nd2 Ne7 34. Bc4 Kg8 35. Kf1 g5 36. Ke2 g4 37. Bxd5 Nxd5 38. Nc4 Kf7 39. Bc1 h5 40. Be3 Nxe3 41. fxe3 Ke7 42. Kd3 Kd7 43. a4 Kc6 44. e4 fxe4+ 45. Kxe4 Bg1 46. Kf4 Bxh2 47. Kg5 Bxg3 48. Kxh5 Kc5 49. Nd6 Bxe5 50. Nxb7+ Kd5 51. Kxg4 Bf6 0-1

[Event "Landesliga Nord 1011"]
[Site "Bayern"]
[Date "2011.03.20"]
[Round "8.5"]
[White "Oechslein, Rainer"]
[Black "Maurer, Christian"]
[Result "1/2-1/2"]
[WhiteElo "2099"]
[BlackElo "2050"]
[PlyCount "89"]
[EventDate "2010.10.10"]
[EventType "team-tourn"]
[EventRounds "9"]
[EventCountry "GER"]
[SourceTitle "EXT 2012"]
[Source "ChessBase"]
[SourceDate "2011.11.24"]
[SourceVersion "1"]
[SourceVersionDate "2011.11.24"]
[SourceQuality "1"]
[WhiteTeam "Schweinfurt"]
[BlackTeam "Kelheim"]
[WhiteTeamCountry "GER"]
[BlackTeamCountry "GER"]

1. e4 e5 2. Nf3 Nc6 3. d4 exd4 4. Nxd4 Bc5 5. Be3 Qf6 6. c3 Nge7 7. Bc4 0-0 8. 0-0 Bb6 9. f4 d6 10. Qd2 Ng6 11. Nxc6 bxc6 12. Bd4 Qe7 13. Re1 Qh4 14. g3 Qh5 15. Na3 Bg4 16. Be2 Rfe8 17. Bxg4 Qxg4 18. Qe2 Qxe2 19. Rxe2 f5 20. Rae1 fxe4 21. Rxe4 Rxe4 22. Rxe4 Kf7 23. Nc2 d5 24. Re2 c5 25. Bf2 Rd8 26. Rd2 Ne7 27. Kg2 Nc6 28. Kf3 Na5 29. b3 Nc6 30. g4 g6 31. h3 Ne7 32. Bh4 Rd6 33. Ne3 c6 34. c4 d4 35. Rd3 Re6 36. Nf1 Nc8 37. Rd2 Nd6 38. Re2 Rxe2 39. Kxe2 Ne4 40. Be1 Bc7 41. Kf3 Nd6 42. Ng3 Bd8 43. Ne4 Nxe4 44. Kxe4 Bc7 45. f5 1/2-1/2

[Event "Nuremberg LGA Cup 7th"]
[Site "Nuremberg"]
[Date "2010.09.04"]
[Round "4"]
[White "Forster, Stephan"]
[Black "Maurer, Christian"]
[Result "0-1"]
[WhiteElo "1521"]
[BlackElo "1990"]
[PlyCount "50"]
[EventDate "2010.09.02"]
[EventType "swiss"]
[EventRounds "7"]
[EventCountry "GER"]
[SourceTitle "CBM 138 Extra"]
[Source "ChessBase"]
[SourceDate "2010.10.29"]
[SourceVersion "1"]
[SourceVersionDate "2010.10.29"]
[SourceQuality "1"]

1. d4 d5 2. Nf3 Nf6 3. Bg5 Ne4 4. Bf4 c5 5. c3 Nc6 6. Nbd2 cxd4 7. Nxd4 Nxd4 8. cxd4 Qb6 9. Nxe4 dxe4 10. Qd2 e5 11. a3 exf4 12. e3 fxe3 13. fxe3 Be6 14. Rc1 Be7 15. Be2 0-0 16. 0-0 Rac8 17. b4 Rxc1 18. Rxc1 Rc8 19. Rxc8+ Bxc8 20. Bc4 Be6 21. d5 Bd7 22. Qf2 Qf6 23. Qg3 Bd6 24. Qe1 Qe5 25. g3 Qb2 0-1

[Event "Nuremberg LGA Cup 7th"]
[Site "Nuremberg"]
[Date "2010.09.02"]
[Round "1"]
[White "Maurer, Christian"]
[Black "Espig, Lutz"]
[Result "0-1"]
[WhiteElo "1990"]
[BlackElo "2365"]
[PlyCount "86"]
[EventDate "2010.09.02"]
[EventType "swiss"]
[EventRounds "7"]
[EventCountry "GER"]
[SourceTitle "CBM 138 Extra"]
[Source "ChessBase"]
[SourceDate "2010.10.29"]
[SourceVersion "1"]
[SourceVersionDate "2010.10.29"]
[SourceQuality "1"]

1. d4 Nf6 2. c4 d6 3. Nc3 Nbd7 4. e4 e5 5. Nf3 Be7 6. Be2 0-0 7. 0-0 c6 8. Re1 a6 9. Bf1 Qc7 10. Be3 b5 11. a3 Ng4 12. Bg5 Bxg5 13. Nxg5 exd4 14. Qxg4 dxc3 15. bxc3 bxc4 16. Bxc4 Ne5 17. Qe2 h6 18. Nh3 Bg4 19. f3 Nxf3+ 20. gxf3 Bxh3 21. Kh1 Qa5 22. Rg1 Qxc3 23. Rad1 Qe5 24. Rg3 Be6 25. Rdg1 g6 26. Qg2 Qf6 27. Bd3 Rfb8 28. e5 Qxe5 29. Bxg6 Kf8 30. Be4 d5 31. Bc2 Ke7 32. Qf2 Rb2 33. f4 Qe4+ 34. Bxe4 Rxf2 35. Bd3 Rxf4 36. Rc1 Kd6 37. Rg2 Rf3 38. Rd2 c5 39. Bf1 Rxa3 40. Rb1 d4 41. Bg2 Rc8 42. Rb6+ Ke5 43. Re2+ Re3 0-1